| 000 | 00509nam a2200181Ia 4500 | ||
|---|---|---|---|
| 008 | 131103s9999 xx 000 0 und d | ||
| 020 | _a600564010 | ||
| 040 | _aLoreto College | ||
| 041 | _aEnglish | ||
| 082 |
_aRef/STE _bLCBED/10984 |
||
| 100 | _aSteele, Philip | ||
| 245 |
_aMy first book of Questions & answers _b simple answers to difficult questions _cPhilip Steele |
||
| 260 |
_aLondon _bHamlyn _c1989 |
||
| 300 |
_a144p. _b pic. _c 26cm. |
||
| 650 | _aMIS | ||
| 850 | _aLCBED/Ref/STE | ||
| 942 | _cBK | ||
| 999 |
_c30775 _d81254 |
||